000 00448nam a2200169Ia 4500
003 GCL
008 140319s9999 xx 000 0 eng d
040 _aGCL /
_cGCL
082 0 4 _a791.43
_bF I
100 1 _aALGERIE, FRANSE
245 1 0 _aIMAGES D UNE GUERRE /
_cALGERIE, FRANSE
260 _a[S.N] :
_bI NSTITUT DU MONDE ARABE ،
_c1992
490 _aLES CAHIERS DE CINEIMA
_v0
650 0 4 _aARTS
650 0 4 _aMOTION PICTURES
942 _2ddc
_cBK
999 _c19247
_d19247